La Iliada / (Record no. 155542)

MARC details
000 -LEADER
campo de control de longitud fija 01060nam a22002655i 4500
001 - NÚMERO DE CONTROL
campo de control 155542
003 - IDENTIFICADOR DE NÚMERO DE CONTROL
campo de control ES-MaACL
005 - FECHA Y HORA DE LA ÚLTIMA TRANSACCIÓN
campo de control 20260616130211.0
008 - DATOS DE LONGITUD FIJA--INFORMACIÓN GENERAL
campo de control de longitud fija 010220m18771878sp |||| | spa d
040 ## - FUENTE DE CATALOGACIÓN
Centro catalogador/agencia de origen CCPB | B
Lengua de catalogación spa
Centro/agencia transcriptor CCPB | B
100 0# - ENTRADA PRINCIPAL--NOMBRE DE PERSONA
Nombre de persona Homero
9 (RLIN) 64112
240 10 - TÍTULO UNIFORME
Título uniforme Iliada.
Lenguaje de la obra Español
245 13 - MENCIÓN DEL TÍTULO
Título La Iliada /
Mención de responsabilidad, etc. Homero ; traducida del griego al castellano por José Gómez Hermosilla.
260 ## - PUBLICACIÓN, DISTRIBUCIÓN, ETC.
Lugar de publicación, distribución, etc. Madrid :
Nombre del editor, distribuidor, etc. [s.n.],
Fecha de publicación, distribución, etc. 1877-1878 (
Fabricante Imprenta Central a cargo de Víctor Saiz)
300 ## - DESCRIPCIÓN FÍSICA
Extensión 3 v. ;
Dimensiones 19 cm.
490 1# - MENCIÓN DE SERIE
Mención de serie Biblioteca clásica ;
Designación de volumen o secuencia 1-3
597 ## - NOTA DE DESCRIPCIÓN FÍSICA
NOTA DE DESCRIPCIÓN FÍSICA El T. III es una biografía del traductor y un comentario de la obra.
597 ## - NOTA DE DESCRIPCIÓN FÍSICA
NOTA DE DESCRIPCIÓN FÍSICA t.I. ( XXIX, 376 p.) (1877) -- t.II. ( 430 p.) (1877) -- t.III. ( 392 p.) (1878)
700 1# - ENTRADA AGREGADA--NOMBRE PERSONAL
Nombre de persona Gómez Hermosilla, José,
Fechas asociadas al nombre 1771-1837
9 (RLIN) 127696
830 0# - PUNTO DE ACCESO ADICIONAL DE SERIE-TÍTULO UNIFORME
Título uniforme Biblioteca clásica ;
Designación de volumen o secuencia 1-3
9 (RLIN) 180370
852 ## - LOCALIZACIÓN
Ubicación ES-MaACL
Número de control de estantería F-13101-03
Nota libre -- Enc. hol.
852 ## - LOCALIZACIÓN
Ubicación ES-MaACL
Número de control de estantería C-3058-59
Nota libre -- Enc. hol. conservando la cub. original
condición física -- Falto del t.III
Holdings
Estatus retirado Estado de pérdida Estado de daño No para préstamo Colección Biblioteca de origen Biblioteca actual Ubicación en estantería Fecha de adquisición Total de préstamos Signatura topográfica completa Código de barras Visto por última vez Precio de reemplazo Tipo de ítem Koha
        Libros del s. XIX Biblioteca del Ateneo de Madrid Biblioteca del Ateneo de Madrid Sala Palomar 17/01/2008   C-3058-59 1162701 23/02/2023 23/02/2023 Libro impreso antiguo
        Libros del s. XIX Biblioteca del Ateneo de Madrid Biblioteca del Ateneo de Madrid Sala Pecera Planta 2 17/01/2008   F-13101-03 1162700 23/02/2023 23/02/2023 Libro impreso antiguo